Normal view
MARC view
- الحاتمي، الآء علي
Entry Personal Name
001 - CONTROL NUMBER
- control field: 66347
003 - CONTROL NUMBER IDENTIFIER
- control field: JO-AjAnu
005 - DATE AND TIME OF LATEST TRANSACTION
- control field: 20241019125214.0
008 - FIXED-LENGTH DATA ELEMENTS
- fixed length control field: 241019|| aca||aabn | a|a d
040 ## - CATALOGING SOURCE
- Original cataloging agency: JO-AjAnu
100 ## - HEADING--PERSONAL NAME
- Personal name: الحاتمي، الآء علي
- Relator term: مؤلف